Detalles MARC
| 000 -LÍDER |
| Campo fijo de descripción fija |
02826nam a2200337 i 4500 |
| 001 - NÚMERO DE CONTROL |
| Campo de control |
768714001 |
| 003 - IDENTIFICADOR DEL NÚMERO DE CONTROL |
| Campo de control |
CO-MdFUSB |
| 005 - FECHA Y HORA DE LA ULTIMA TRANSACCIÓN |
| control field |
20190716131902.0 |
| 008 - ELEMENTOS DE LONGITUD FIJA -- INFORMACIÓN GENERAL |
| Campo fijo de descripción fija -- Información general |
190607t2011 ck |||| |||| 00| 0 spa d |
| 020 ## - NÚMERO INTERNACIONAL NORMALIZADO PARA LIBROS |
| Número Internacional Normalizado del libro |
9789588697048 |
| 040 ## - FUENTE DE CATALOGACIÓN |
| Agencia de catalogación original |
CO-MdFUSB |
| Idioma de catalogación |
spa |
| Agencia que realiza la transcripción |
CO-MdFUSB |
| Agencia que realiza la modificación |
CO-MdFUSBC |
| Convenciones de la descripción |
rda |
| 041 ## - CÓDIGO DE IDIOMA |
| Código de idioma para texto/pista de sonido o título separado |
spa |
| 082 ## - NÚMERO DE CLASIFICACIÓN DECIMAL DEWEY |
| Número de la edición del Dewey |
23 |
| Número de clasificación |
340.114 |
| Clave de autor-Numero de item |
M156 |
| 100 ## - ASIENTO PRINCIPAL--NOMBRE PERSONAL |
| Nombre personal |
Mackenzie, Eduardo, |
| Término relacionador |
autor |
| 245 ## - TÍTULO |
| Título del Material |
Justicia ¿Misión imposible? |
| Parte restante del título - Subtitulo |
: claves para comprender la crisis del sector. |
| Mención de responsabilidad, etc. |
/ Eduardo Mackenzie |
| 250 ## - MENCIÓN DE EDICIÓN |
| Mención de edición |
Primera edición |
| 264 #1 - PRODUCCIÓN, PUBLICACIÓN, DISTRIBUCIÓN, MANUFACTURA, Y COPYRIGHT |
| Lugar de producción, publicación, distribución, manufactura |
Bogotá, Colombia : |
| Nombre del productor, publicador, distribuidor |
Carrera 7°, |
| Fecha de producción, publicación, distribución, manufactura, o copyright |
[2001] |
| 264 #4 - PRODUCCIÓN, PUBLICACIÓN, DISTRIBUCIÓN, MANUFACTURA, Y COPYRIGHT |
| Fecha de producción, publicación, distribución, manufactura, o copyright |
© 2011 |
| 300 ## - DESCRIPCIÓN FÍSICA |
| Extensión |
350 páginas |
| Dimensiones |
; 25 cm |
| 336 ## - TIPO DE CONTENIDO |
| Fuente |
rdacontent |
| Término de tipo de contenido |
texto |
| Código de tipo de contenido |
txt |
| 337 ## - TIPO DE MEDIO |
| Fuente |
rdamedia |
| Nombre del tipo de medio |
sin mediación |
| Código del tipo de medio |
n |
| 338 ## - TIPO DE SOPORTE |
| Fuente |
rdacarrier |
| Nombre del tipo de soporte |
volumen |
| Código Tipo de soporte |
nc |
| 504 ## - NOTA DE BIBLIOGRAFÍA, ETC. |
| Nota de bibliografía, etc |
Incluye Referencias Bibliográficas |
| 505 ## - NOTA DE CONTENIDO |
| Nota de contenido con formato preestablecido |
Un sistema acusatorio en crisis. -- Rivalidades y choques entre las cortes. -- ¿Crímenes altruista?. -- "Computadores mágicos". -- ¿Farc-política? no hay pruebas. -- Las raíces del desmadre judicial. -- Falsos dogmas sobre la constitución. -- ¿Manos extranjeras orientan a los jueces?. -- Justicia universal. -- El juez como actor político. -- La jurisprudencia sirve para todo. -- La presunción de inocencia. -- La falacia del "nuevo constitucionalismo". -- ¿Hacia un gobierno de los jueces?. -- Intimidación contra los congresistas. -- La metodología "Pitirr". -- La UIP denuncia irregularidades. -- Acusados por votar un proyecto de ley. -- Los elegidos están expuestos a todo. -- Magistrados contra periodistas. -- Un viraje jurisprudencial sorprendente. --La estrategia de las parcelas de poder. -- Granci y la "lenta subversion" -- La política penal de Stalin. ¿una alternativa para Colombia?. -- La responsabilidad de los jueces. -- ¿Hacia una Constitución virtual?. -- La CSJ y sus aliados europeos.-- El proceso del Coronel Plazas Vega. --Obduliio Gaviria y Francisco Santos. -- Intrigas contra periodistas indóciles. -- El saboteo de la elección del Fiscal general. -- El caso Piedad Córdoba y la CSJ. -- La fiscalía y los mártires de Curbaradó. -- "Alfonso Cano", las FARC y la guerra política. -- ¿La reelección de Uribe era importante?. -- El desembarco frustrado de la CPI. -- Las ONG europeas y su actividad en Colombia. --Un curioso colectivo de abogados. -- Las ideas jurídicas de Unasur. -- ¿Hay crímenes de Estado en Colombia?-- El DAS y las "chuzadas": ¿victimario o víctima?. -- La Macarena y su falsa "fosa común" -- El retorno de la ilusión de la negociación con las FARC. -- Repensar la seguridad democrática. |
| 563 ## - NOTA DE ENCUADERNACIÓN |
| Nota de encuadernación |
Rústico |
| 650 #0 - ASIENTO SECUNDARIO DE MATERIA - TERMINO TEMÁTICO |
| 9 (RLIN) |
397 |
| Término temático o nombre geográfico como elemento de entrada |
Administración de justicia |
| Subdivisión geográfica |
Colombia |
| 650 #0 - ASIENTO SECUNDARIO DE MATERIA - TERMINO TEMÁTICO |
| 9 (RLIN) |
397 |
| Término temático o nombre geográfico como elemento de entrada |
Justicia |
| Fuente del encabezamiento o término |
embne |
| Subdivisión geográfica |
Colombia |
| 653 ## - TÉRMINO DE INDIZACIÓN - NO CONTROLADO |
| Término no controlado |
Justicia -- Legislación |
| 942 ## - TIPO DE MATERIAL (KOHA) |
| Tipo de Item KOHA |
Libros General |
| 945 ## - INFORMACIÓN LOCAL DEL REGISTRO |
| Catalogador |
JTF-925 |
| Revisión registro |
AEM-53 |